Statistics for Guess The Rapper By Their Real Name (Hard)

Click here to take the quiz!

General Stats

  • This quiz has been taken 12 times
  • The average score is 2 of 12

Answer Stats

HintAnswer% Correct
Eric Lynn WrightEazy-E
57%
Lonnie Rashid LynnCommon
29%
Earl SimmonsDMX
29%
Malcolm James McCormickMac Miller
29%
Lamont ColemanBig L
14%
Tauheed K. Epps2 Chainz
0%
Tarik Luqmaan TrotterBlack Thought
0%
Troy Donald JamersonPharoahe Monch
0%
Brad Terrence JordanScarface
0%
Joseph Olaitan Adenuga Jr.Skepta
0%
Aaron Dontez YatesTech N9ne
0%
Alvin Nathaniel JoinerXzibit
0%

Score Distribution

Percentile by Number Answered

Percent of People with Each Score

Your Score History

You have not taken this quiz